| 000 | 00674nam a2200229Ii 4500 | ||
|---|---|---|---|
| 003 | JO-AjNU | ||
| 008 | 230605s9999||||xx |||||||||||||| ||und|| | ||
| 017 | _a2000/2/323 | ||
| 020 | _a9957-03-005-1 | ||
| 040 |
_aJO-AjNU _bara _erda _cJO-AjNU |
||
| 041 | _aara | ||
| 050 | 1 | 4 | _aPJ7692 2000 |
| 100 | 3 |
_aتأليف مجدلاوي،فاروق, _eauthor _914798 |
|
| 245 | 0 | 0 | _aقصص من بلدان مختلفة |
| 250 | _aط2 | ||
| 264 | 3 | 1 | _aعمان:مكتبة روائع مجدلاوي،2000 |
| 300 | _a154ص | ||
| 336 |
_atext _btxt _2rdacontent |
||
| 337 |
_aunmediated _bn _2rdamedia |
||
| 338 |
_avolume _bnc _2rdacarrier |
||
| 650 | 4 |
_aقصص مترجمة _914799 |
|
| 999 |
_aA4031 _c7599 _d7599 |
||